| 000 | 00647nam a22002057a 4500 | ||
|---|---|---|---|
| 005 | 20241202151049.0 | ||
| 010 | _aENG-142752 | ||
| 020 |
_c35.00 _a9788172089832 |
||
| 035 | _aEN-126284 | ||
| 037 | _bDBAD | ||
| 082 | _a230.51 | ||
| 100 |
_aSri Sathya Sai Sadhana Trust _974508 |
||
| 245 |
_aSathya Sai Speaks/ _cby Sri Sathya Sai Sadhana Trust |
||
| 250 | _aRevised and Enlarged | ||
| 260 |
_aA.P _bSri Sathya sai Sadhana Trust _c2011 |
||
| 270 |
_bPrasanthi Nilayam _aAnantapur Distric _e515134 _morders@sssbpt.org _k011-287375 _l287236 |
||
| 300 |
_a214p. _c22cm(pb) |
||
| 490 | _vVol. 18 | ||
| 942 |
_2ddc _cEN _h230.51 _mSAT |
||
| 999 |
_c207305 _d207305 |
||